| 000 | 00744nam a22001937a 4500 | ||
|---|---|---|---|
| 003 | OSt | ||
| 005 | 20210818181542.0 | ||
| 008 | 170307s2008 ck a||||r|||| 00| 0 spa d | ||
| 020 | _a9789584438393 | ||
| 040 | _bspa | ||
| 041 | _aspa | ||
| 082 |
_a323.4 21 _bG984d |
||
| 245 |
_aDerechos Humanos : _bVersión Lengua de señas colombiana _cAdaptación de Texto Jaime Hernández Gutiérrez, Traducción a lengua de señas colombiana José Fernando Duque Gallego |
||
| 260 |
_aPereira _bInstituto de Audiología Integral _c2008 |
||
| 300 |
_a20 páginas _bilustracione _c28 cm |
||
| 650 | 0 |
_911388 _aDerechos Humanos |
|
| 650 | 0 |
_949682 _aLenguaje de Señas _xEnseñanza |
|
| 942 |
_2ddc _h323.4 21 G984d _k323.4 21 _mG984d |
||
| 999 |
_c11155 _d11155 |
||